|
|
|
|
| LEADER |
00000nam0a2200000 4500 |
| 001 |
50372 |
| 005 |
20231031032946.0 |
| 035 |
|
|
|a (RuTPU)RU\TPU\book\52752
|
| 090 |
|
|
|a 50372
|
| 100 |
|
|
|a 20030415d1979 k y0rusy50 ca
|
| 101 |
0 |
|
|a rus
|
| 102 |
|
|
|a RU
|
| 105 |
|
|
|a a z 001zy
|
| 200 |
1 |
|
|a Управление машиностроительным предприятием
|f Под ред. С. Е. Каменицера; Под ред. И. М. Разумова; Под ред. М. В. Мельник; Под ред. С. В. Смирнова
|
| 210 |
|
|
|a Москва
|c Машиностроение
|d 1979
|
| 215 |
|
|
|a 325 с.
|c ил.
|
| 225 |
1 |
|
|a Инженерно-экономическая монография
|
| 320 |
|
|
|a Библиогр.: с. 318-322
|
| 610 |
1 |
|
|a машиностроение
|
| 610 |
1 |
|
|a машиностроительные предприятия
|
| 610 |
1 |
|
|a управление
|
| 610 |
1 |
|
|a производство
|
| 610 |
1 |
|
|a АСУП
|
| 675 |
|
|
|a 621.002:658.5
|v 3
|
| 702 |
|
1 |
|a Каменицер
|b С. Е.
|g Соломон Ефремович
|4 340
|
| 702 |
|
1 |
|a Разумов
|b И. М.
|4 340
|
| 702 |
|
1 |
|a Мельник
|b М. В.
|4 340
|
| 702 |
|
1 |
|a Смирнов
|b С. В.
|4 340
|
| 801 |
|
1 |
|a RU
|b 63413507
|c 20030415
|g PSBO
|
| 801 |
|
2 |
|a RU
|b 63413507
|c 20220128
|g PSBO
|
| 942 |
|
|
|c BK
|